| 000 | 00426 a2200145 4500 | ||
|---|---|---|---|
| 005 | 20250312113540.0 | ||
| 020 | _a0-86003-761-4 | ||
| 082 | _a330 POW | ||
| 100 | _aPOWELL, R. | ||
| 245 | _aAQA: Advanced Economics | ||
| 260 |
_aOxfordshire, _bPhilip Allan Updates, _c2005. |
||
| 300 |
_axii, 515p.: figure, ill.; picture, table _bIndex. _c24cm. |
||
| 856 |
_yAccess Online Book _fEconomics _dwww.philipallan.co.uk |
||
| 942 |
_2ddc _cBKS |
||
| 999 |
_c463 _d463 |
||